| 000 | 00761nam a22001577a 4500 | ||
|---|---|---|---|
| 003 | OSt | ||
| 005 | 20150915113328.0 | ||
| 008 | 150915b xxu||||| |||| 00| 0 eng d | ||
| 040 | _cRUA | ||
| 082 | _aAGR YUN 1999 BOO25 Or.1 | ||
| 100 |
_9509 _aYUN |
||
| 245 | _aEffectiveness of different bt varieties on crucifer insect pests in kean savy district condition.( ប្រសិទ្ធិភាព ប៉ី ធី ប្រភេទផ្សេងៗគ្នាលើសត្វល្អិតបំផ្លាញដំណាំអំបូរ គ្រុយស៊ីហ្វែរ ក្នុងល័ក្ខខ័ណ្ឌស្រុកកៀនស្វាយ). | ||
| 260 |
_aphnom phen _bRUA _c1999 |
||
| 300 |
_a43p. _bill. _c29cm. |
||
| 942 |
_2ddc _cAGR |
||
| 999 |
_c490 _d490 |
||